Cost Management: A Strategic Emphasis (Record no. 344616)

000 -LEADER
fixed length control field 00370 a2200145 4500
020 ## - INTERNATIONAL STANDARD BOOK NUMBER
International Standard Book Number 9780073128153
082 ## - DEWEY DECIMAL CLASSIFICATION NUMBER
Classification number 658.1552
090 ## - LOCALLY ASSIGNED LC-TYPE CALL NUMBER (OCLC); LOCAL CALL NUMBER (RLIN)
-- 2113
-- 2113
100 ## - MAIN ENTRY--PERSONAL NAME
Personal name Edward Blocher
245 ## - TITLE STATEMENT
Title Cost Management: A Strategic Emphasis
Statement of responsibility, etc. Edward Blocher
260 ## - PUBLICATION, DISTRIBUTION, ETC.
Place of publication, distribution, etc. New York
Name of publisher, distributor, etc. McGraw-Hill
Date of publication, distribution, etc. 2008
300 ## - PHYSICAL DESCRIPTION
Extent 902p
500 ## - GENERAL NOTE
General note Hard cover
942 ## - ADDED ENTRY ELEMENTS (KOHA)
Institution code [OBSOLETE] NBS
Koha item type Book
Call number prefix 658.1552 BLO
Holdings
Withdrawn status Lost status Damaged status Not for loan Permanent Location Current Location Date acquired Total Checkouts Full call number Barcode Date last seen Price effective from Koha item type
        Central Library (CL) Central Library (CL) 08/28/2013   658.1552 BLO NBS8217 08/28/2013 08/28/2013 Book
© 2023 Central Library, National University of Sciences and Technology. All Rights Reserved.